[Event "II CIUDAD DE ALICANTE"]
[Site "Alicante (SPAIN)"]
[Date "2009.12.30"]
[Round "4.6"]
[White "Arias Igual, Alejandro"]
[Black "Grigoriev, Ivan"]
[Result "0-1"]
[WhiteElo "2082"]
[BlackElo "2191"]
[PlyCount "88"]
[EventDate "2009.12.27"]

1. d4 Nf6 2. c4 c5 3. Nf3 cxd4 4. Nxd4 Nc6 5. g3 g6 6. Bg2 Bg7 7. Nc3 Qb6 8.
Ndb5 a6 9. Na4 Qd8 10. Be3 axb5 11. Bb6 bxa4 12. Bxd8 Nxd8 13. c5 O-O 14. Rc1
Ne8 15. Qd2 Ne6 16. O-O N8c7 17. Rc4 Ra6 18. Qb4 Nd8 19. f4 Nc6 20. Qd2 Ne6 21.
e3 b5 22. Rc2 Na5 23. Qb4 Nc7 24. b3 Nc6 25. Qd2 a3 26. h4 b4 27. h5 Bc3 28.
Qe2 Ra5 29. hxg6 hxg6 30. f5 Ba6 31. Qg4 Ne5 32. Qf4 Bxf1 33. Bxf1 Nd5 34. Qh6
Nf3+ 35. Kh1 Bg7 36. Qh3 Nxe3 37. Rf2 Nd4 38. Rh2 Rc8 39. Qh7+ Kf8 40. fxg6
Raxc5 41. gxf7 Kxf7 42. Rf2+ Rf5 43. Rxf5+ Ndxf5 44. Qh5+ Kf8 0-1

[Event "II CIUDAD DE ALICANTE"]
[Site "Alicante (SPAIN)"]
[Date "2009.12.30"]
[Round "4.7"]
[White "Granero Roca, Antonio"]
[Black "Navarrete Espi, Samuel"]
[Result "1-0"]
[WhiteElo "2450"]
[BlackElo "1969"]
[PlyCount "75"]
[EventDate "2009.12.27"]

1. d4 Nf6 2. c4 g6 3. Nc3 Bg7 4. e4 d6 5. Nf3 O-O 6. h3 Qe8 7. Be3 e5 8. d5 a5
9. c5 Na6 10. cxd6 cxd6 11. Nd2 Nd7 12. Nc4 Qe7 13. Nxa5 Nac5 14. Nb3 Nxb3 15.
Qxb3 f5 16. f3 Nf6 17. g4 fxg4 18. fxg4 Nd7 19. O-O-O Rf3 20. Bd2 Nc5 21. Qc2
Bd7 22. Be2 Rff8 23. Kb1 Rfb8 24. Be3 Na4 25. Nxa4 Bxa4 26. b3 Bd7 27. Qd2 Ra3
28. Rc1 Qd8 29. Rc2 Rba8 30. Qb4 Qb8 31. Bb6 Bf6 32. Rf1 Bg5 33. Bb5 Bxb5 34.
Qxb5 Qe8 35. Qxe8+ Rxe8 36. Rc7 Re7 37. Rc8+ Kg7 38. Bd8 1-0

[Event "II CIUDAD DE ALICANTE"]
[Site "Alicante (SPAIN)"]
[Date "2009.12.30"]
[Round "4.8"]
[White "Scharrer, Patrick"]
[Black "Laurentiu, Burlacu"]
[Result "1-0"]
[WhiteElo "2300"]
[BlackElo "1968"]
[PlyCount "73"]
[EventDate "2009.12.27"]

1. e4 e6 2. d3 d5 3. Nd2 Nc6 4. Ngf3 Nf6 5. c3 dxe4 6. dxe4 e5 7. Be2 a6 8. O-O
Bc5 9. b4 Ba7 10. Qc2 O-O 11. a4 Re8 12. Nc4 b5 13. axb5 axb5 14. Na5 Nxa5 15.
Rxa5 Bb7 16. Bxb5 Bxe4 17. Qa2 Bxf3 18. gxf3 Re6 19. Rxa7 Rxa7 20. Qxa7 h6 21.
Bc4 Rd6 22. Be3 e4 23. Bf4 Rc6 24. Be2 Rxc3 25. fxe4 Nxe4 26. Bg3 Kh7 27. Rd1
Qg5 28. Qd4 f5 29. Bd3 Rc1 30. Rxc1 Qxc1+ 31. Kg2 Nxg3 32. hxg3 Qc6+ 33. Kh2 g6
34. Bc4 h5 35. Qd5 Qb6 36. Qg8+ Kh6 37. Qh8+ 1-0

[Event "II CIUDAD DE ALICANTE"]
[Site "Alicante (SPAIN)"]
[Date "2009.12.30"]
[Round "4.9"]
[White "Del Valle Cirera, Adria"]
[Black "Nicolas Zapata, Javier"]
[Result "1-0"]
[WhiteElo "2236"]
[BlackElo "1919"]
[PlyCount "67"]
[EventDate "2009.12.27"]

1. e4 c5 2. Nf3 e6 3. d4 cxd4 4. Nxd4 a6 5. c4 Nf6 6. Nc3 Qc7 7. a3 b6 8. Be3
Bb7 9. f3 d6 10. Be2 Nbd7 11. O-O Be7 12. Qd2 Rc8 13. Rac1 O-O 14. Rfd1 Qb8 15.
b4 Bd8 16. Kh1 Bc7 17. Bf1 Rfe8 18. Nb3 d5 19. cxd5 exd5 20. Nxd5 Nxd5 21. exd5
Bxh2 22. Rxc8 Bxc8 23. d6 Bxd6 24. Qxd6 Qxd6 25. Rxd6 Rxe3 26. Bxa6 Bxa6 27.
Rxd7 g6 28. Nd4 Bc4 29. a4 Ra3 30. Ra7 Ra2 31. Kg1 b5 32. a5 Rb2 33. Nc6 Bd5
34. Ne7+ 1-0

[Event "II CIUDAD DE ALICANTE"]
[Site "Alicante (SPAIN)"]
[Date "2009.12.30"]
[Round "4.10"]
[White "Virgillito, Cristian"]
[Black "Marti Blanes, Jose Manuel"]
[Result "0-1"]
[WhiteElo "2223"]
[BlackElo "1873"]
[PlyCount "44"]
[EventDate "2009.12.27"]

1. e4 c5 2. Nf3 d6 3. d4 cxd4 4. Nxd4 Nf6 5. Nc3 a6 6. Be3 e6 7. f3 b5 8. Qd2
Nbd7 9. g4 Nb6 10. h4 Bb7 11. h5 b4 12. Nd1 d5 13. g5 Nfd7 14. exd5 Nxd5 15.
Bh3 Ne5 16. Bf2 Bc5 17. Qe2 Qxg5 18. Rg1 Qf6 19. Bg4 O-O 20. Nb3 Nf4 21. Qf1
Nxg4 22. Nxc5 Nh2 0-1

[Event "II CIUDAD DE ALICANTE"]
[Site "Alicante (SPAIN)"]
[Date "2009.12.31"]
[Round "5.1"]
[White "Grigoriev, Ivan"]
[Black "Neagos, Raul-Alexandru"]
[Result "1-0"]
[WhiteElo "2191"]
[BlackElo "2095"]
[PlyCount "65"]
[EventDate "2009.12.27"]

1. g3 d5 2. Nf3 Nf6 3. c4 e6 4. Bg2 c6 5. O-O Nbd7 6. d3 Be7 7. Nbd2 dxc4 8.
Nxc4 O-O 9. a3 b5 10. Nce5 Bb7 11. Bg5 c5 12. Nxd7 Nxd7 13. Bxe7 Qxe7 14. Qb3
a6 15. a4 Bd5 16. Qc3 b4 17. Qc2 Bxf3 18. Bxf3 Ra7 19. Rfd1 f5 20. d4 f4 21.
Qc4 fxg3 22. fxg3 Rf5 23. Bg4 Nb6 24. Qc2 Rg5 25. dxc5 Rxc5 26. Bxe6+ Kf8 27.
Rd8+ Qxd8 28. Qxc5+ Ke8 29. a5 Re7 30. Qxb6 Qxb6+ 31. axb6 Rxe6 32. Rxa6 Kd7
33. b7 1-0

[Event "II CIUDAD DE ALICANTE"]
[Site "Alicante (SPAIN)"]
[Date "2009.12.31"]
[Round "5.2"]
[White "Lacrosse, Marc"]
[Black "Campos Gambuti, Luis Maria"]
[Result "1/2-1/2"]
[WhiteElo "2228"]
[BlackElo "2438"]
[PlyCount "66"]
[EventDate "2009.12.27"]

1. d4 d5 2. c4 dxc4 3. Nf3 c5 4. e3 cxd4 5. Bxc4 Qc7 6. Bb3 dxe3 7. Bxe3 e6 8.
O-O Nf6 9. Nc3 a6 10. Rc1 Nc6 11. Na4 Nd7 12. Nd4 Bd6 13. Bxe6 O-O 14. Bd5
Bxh2+ 15. Kh1 Nf6 16. Nxc6 Nxd5 17. Qxd5 bxc6 18. Rxc6 Qd7 19. Nb6 Qxd5 20.
Nxd5 Bb7 21. Kxh2 Bxc6 22. Ne7+ Kh8 23. Nxc6 Rac8 24. Rc1 Rc7 25. Bf4 Rb7 26.
b3 Re8 27. Na5 Rd7 28. Nc4 h6 29. Be3 Re6 30. Kg1 Kh7 31. Kf1 g5 32. Bd2 Kg6
33. f3 Rd5 1/2-1/2

[Event "II CIUDAD DE ALICANTE"]
[Site "Alicante (SPAIN)"]
[Date "2009.12.31"]
[Round "5.3"]
[White "Suba, Mihai"]
[Black "Serrano Marhuenda, Salvador"]
[Result "1-0"]
[WhiteElo "2471"]
[BlackElo "2085"]
[PlyCount "69"]
[EventDate "2009.12.27"]

1. Nf3 Nf6 2. c4 e6 3. g3 b6 4. Bg2 Bb7 5. O-O Be7 6. Nc3 O-O 7. d4 d5 8. cxd5
exd5 9. Bf4 a6 10. Rc1 c6 11. Qb3 Nbd7 12. Rfd1 b5 13. Bg5 h6 14. Bxf6 Nxf6 15.
Ne5 Rb8 16. e3 a5 17. Ne2 Qb6 18. Nf4 a4 19. Qc2 Rbc8 20. Nfd3 Rfd8 21. Nc5 Ba8
22. Qf5 Bxc5 23. Rxc5 Rc7 24. Bf1 Bb7 25. Bd3 Bc8 26. Qf4 Be6 27. Rdc1 Rdc8 28.
g4 Qb7 29. h4 b4 30. g5 hxg5 31. hxg5 Nd7 32. Nxd7 Bxd7 33. Kg2 Be6 34. Rh1 Rd7
35. Qh4 1-0

[Event "II CIUDAD DE ALICANTE"]
[Site "Alicante (SPAIN)"]
[Date "2009.12.31"]
[Round "5.4"]
[White "Del Valle Domenech, Rafael"]
[Black "Granero Roca, Antonio"]
[Result "0-1"]
[WhiteElo "2129"]
[BlackElo "2450"]
[PlyCount "50"]
[EventDate "2009.12.27"]

1. d4 Nf6 2. c4 c5 3. Nf3 g6 4. Nc3 cxd4 5. Nxd4 d6 6. e4 Nc6 7. Be2 Bg7 8. Nc2
O-O 9. O-O a5 10. Ne3 Bd7 11. Ned5 Nxd5 12. Nxd5 e6 13. Ne3 Nd4 14. Bd3 Qc7 15.
Bd2 Nc6 16. Qb3 a4 17. Qa3 Rfc8 18. Rfc1 Be5 19. Rab1 Bd4 20. b4 axb3 21. Qxb3
Ne5 22. Be2 Bc6 23. Qc2 Ba4 24. Rb3 Bxb3 25. axb3 Ra7 0-1

[Event "II CIUDAD DE ALICANTE"]
[Site "Alicante (SPAIN)"]
[Date "2009.12.31"]
[Round "5.6"]
[White "Marquez Ortiz De Zarate, Albert"]
[Black "Del Valle Cirera, Adria"]
[Result "0-1"]
[WhiteElo "2008"]
[BlackElo "2236"]
[PlyCount "67"]
[EventDate "2009.12.27"]

1. e4 c5 2. Nf3 a6 3. d3 b5 4. g3 Bb7 5. Bg2 e6 6. O-O Be7 7. Re1 d6 8. c3 Nf6
9. Nbd2 O-O 10. Qe2 Nbd7 11. b3 Rc8 12. Bb2 Qb6 13. Rac1 Rfd8 14. d4 cxd4 15.
cxd4 Qa5 16. a3 Bf8 17. b4 Qb6 18. d5 e5 19. Nb3 g6 20. h4 Bh6 21. Ng5 Nh5 22.
Qf3 f6 23. Rxc8 Rxc8 24. Bh3 fxg5 25. Bxd7 Rf8 26. Be6+ Kh8 27. Qe3 Qxe3 28.
Rxe3 gxh4 29. Rc3 hxg3 30. fxg3 Nf6 31. Rc7 Be3+ 32. Kg2 Nxe4 33. Bxe5+ dxe5
34. Bf7 0-1

[Event "II CIUDAD DE ALICANTE"]
[Site "Alicante (SPAIN)"]
[Date "2009.12.31"]
[Round "5.7"]
[White "Varga, Mariano"]
[Black "Bendayan Claros, Aaron"]
[Result "1-0"]
[WhiteElo "2214"]
[BlackElo "2176"]
[PlyCount "59"]
[EventDate "2009.12.27"]

1. e4 c6 2. d4 d5 3. exd5 cxd5 4. c4 Nf6 5. Nc3 Nc6 6. Bg5 dxc4 7. d5 Na5 8.
Bxc4 Nxc4 9. Qa4+ Bd7 10. Qxc4 b5 11. Qb3 a5 12. Nf3 a4 13. Qd1 b4 14. Bxf6
gxf6 15. Ne2 Bg7 16. O-O O-O 17. Re1 f5 18. Qd2 a3 19. Ned4 Ra5 20. Qxb4 axb2
21. Qxb2 Rxd5 22. Qb4 Be8 23. Rad1 e5 24. Nxe5 Bxe5 25. Nxf5 Rxd1 26. Qg4+ Kh8
27. Rxd1 Qf6 28. f4 Bc7 29. Re1 Rg8 30. Qxg8+ 1-0

[Event "II CIUDAD DE ALICANTE"]
[Site "Alicante (SPAIN)"]
[Date "2009.12.31"]
[Round "5.8"]
[White "Lanza, Luciano"]
[Black "Nicolas Zapata, Irene"]
[Result "0-1"]
[WhiteElo "2178"]
[BlackElo "1882"]
[PlyCount "104"]
[EventDate "2009.12.27"]

1. e4 c5 2. Nf3 Nc6 3. d4 cxd4 4. Nxd4 g6 5. Nc3 Bg7 6. Be3 Nf6 7. Nxc6 bxc6 8.
e5 Ng8 9. f4 f6 10. e6 d5 11. f5 Qd6 12. Qf3 Qe5 13. O-O-O Qxe3+ 14. Qxe3 Bh6
15. Qd2 gxf5 16. Re1 Bxd2+ 17. Kxd2 Nh6 18. Bd3 Ng4 19. Bxf5 Ne5 20. Na4 Kd8
21. Nc5 Kc7 22. b4 a5 23. a3 Nc4+ 24. Kc3 Nxa3 25. Ra1 Nb5+ 26. Kd3 Nd6 27. Bh3
Ba6+ 28. Kd4 Rhb8 29. Rhb1 Bb5 30. bxa5 Nb7 31. Nd7 Rd8 32. Ra3 Rxa5 33. Rg3
Ra4+ 34. Ke3 Ra3+ 35. Rb3 Rxb3+ 36. cxb3 Kd6 37. Rg7 Na5 38. b4 Nc4+ 39. Kd4
Ne5 40. Nc5 Re8 41. Rxh7 Ng6 42. g3 Ne5 43. Bf5 Nf3+ 44. Ke3 Ng5 45. Rg7 Ke5
46. Bg6 Ra8 47. Rxe7 Ra3+ 48. Kd2 Kd4 49. Rb7 Ra2+ 50. Bc2 Nf3+ 51. Kc1 Kc3 52.
Bb1 Rxh2 0-1

[Event "II CIUDAD DE ALICANTE"]
[Site "Alicante (SPAIN)"]
[Date "2009.12.31"]
[Round "5.9"]
[White "Aledo Lopez, Angel"]
[Black "Arias Igual, Alejandro"]
[Result "1-0"]
[WhiteElo "1988"]
[BlackElo "2082"]
[PlyCount "126"]
[EventDate "2009.12.27"]

1. e4 e6 2. Nf3 c5 3. c3 d5 4. exd5 exd5 5. d4 a6 6. dxc5 Bxc5 7. Be2 Nf6 8.
O-O O-O 9. Bg5 Be6 10. Nbd2 Nbd7 11. Nb3 Ba7 12. Nbd4 Qc7 13. Bd3 Rae8 14. Re1
Bg4 15. Qd2 Ne4 16. Qf4 Qxf4 17. Bxf4 Ndc5 18. Bxe4 dxe4 19. Ne5 Nd3 20. Nxd3
exd3 21. f3 Bf5 22. Be3 Bg6 23. Rad1 h5 24. Kf2 Re5 25. f4 Ra5 26. a3 Be4 27.
Nb3 Bxe3+ 28. Rxe3 Rb5 29. Rxe4 Rxb3 30. Rd2 Kh7 31. Rd4 Re8 32. R4xd3 Re6 33.
Rd4 Kg6 34. Rb4 Rxb4 35. axb4 Re7 36. Kf3 f6 37. Rd5 Re1 38. b5 Rb1 39. bxa6
Rxb2 40. axb7 Rxb7 41. Ke3 Rb1 42. Rd2 Rc1 43. Kd4 Kf5 44. g3 h4 45. c4 Kg4 46.
gxh4 Kxh4 47. Rg2 g5 48. fxg5 fxg5 49. c5 g4 50. Kd5 Kh3 51. Rd2 Rh1 52. c6
Rxh2 53. Rxh2+ Kxh2 54. c7 g3 55. c8=Q g2 56. Qh8+ Kg3 57. Qg7+ Kf2 58. Qf6+
Ke2 59. Qg5 Kf1 60. Qf4+ Ke1 61. Qg3+ Kf1 62. Qf3+ Kg1 63. Ke4 Kh2 1-0

[Event "II CIUDAD DE ALICANTE"]
[Site "Alicante (SPAIN)"]
[Date "2010.01.02"]
[Round "6.1"]
[White "Cano Sanchez, Josue"]
[Black "Grigoriev, Ivan"]
[Result "1-0"]
[WhiteElo "2314"]
[BlackElo "2191"]
[PlyCount "77"]
[EventDate "2009.12.27"]

1. d4 Nf6 2. c4 c5 3. d5 e6 4. Nc3 exd5 5. cxd5 d6 6. e4 g6 7. f4 Qe7 8. Nf3
Bg4 9. Bb5+ Nfd7 10. O-O Bg7 11. h3 Bxf3 12. Qxf3 O-O 13. e5 a6 14. Ba4 c4 15.
Ne4 dxe5 16. f5 f6 17. Be3 Qb4 18. Bc2 g5 19. b3 c3 20. a3 Qe7 21. b4 Kh8 22.
Bb3 Rc8 23. Qh5 a5 24. b5 a4 25. d6 Qd8 26. Bf7 c2 27. Rac1 Ra5 28. Bc5 Rxb5
29. Qe2 Rb1 30. Be3 Nc6 31. Qxc2 Rxc1 32. Rxc1 Qa5 33. Be6 Rd8 34. Bxd7 Rxd7
35. Nc5 Rf7 36. Nxb7 Rxb7 37. Qxc6 Rb8 38. d7 Qd8 39. Qc8 1-0

[Event "II CIUDAD DE ALICANTE"]
[Site "Alicante (SPAIN)"]
[Date "2010.01.02"]
[Round "6.2"]
[White "Del Valle Cirera, Adria"]
[Black "Suba, Mihai"]
[Result "1-0"]
[WhiteElo "2236"]
[BlackElo "2471"]
[PlyCount "139"]
[EventDate "2009.12.27"]

1. e4 c5 2. Nf3 d6 3. d4 Nf6 4. Nc3 cxd4 5. Nxd4 e6 6. h3 a6 7. g4 Nc6 8. Be3
h6 9. Bg2 Ne5 10. Qe2 Qc7 11. f4 Nc4 12. Bc1 Be7 13. b3 Na5 14. Bb2 Nc6 15.
O-O-O Bd7 16. Rhe1 O-O 17. Kb1 Rac8 18. h4 Nxd4 19. Rxd4 Qa5 20. g5 Rxc3 21.
Bxc3 Qxc3 22. Rd3 Qc7 23. gxf6 Bxf6 24. e5 dxe5 25. fxe5 Bxh4 26. Rh1 Bg5 27.
Rhd1 Bc8 28. Qe4 g6 29. Kb2 Be7 30. c3 Kg7 31. Rg3 Qc5 32. Rd2 Qa3+ 33. Kb1 Bg5
34. Rd1 a5 35. Bf1 b6 36. Bb5 Rd8 37. Rgd3 Rxd3 38. Bxd3 Qc5 39. Kb2 Qc7 40.
Rf1 Bb7 41. Qd4 Bg2 42. Rf2 Qb7 43. Bb5 Be4 44. Bd3 Bxd3 45. Qxd3 h5 46. Qg3
Qe7 47. Rg2 Bh4 48. Qf3 b5 49. Qxh5 b4 50. cxb4 axb4 51. Qe2 Qb7 52. Rg4 Be7
53. Qe4 Qc7 54. Rg2 Qc3+ 55. Kb1 Qh3 56. Rf2 f5 57. exf6+ Bxf6 58. Qb7+ Kh6 59.
Qxb4 Qd3+ 60. Kc1 Qe3+ 61. Qd2 Bg5 62. Rh2+ Kg7 63. Qxe3 Bxe3+ 64. Kc2 e5 65.
Kd3 Bd4 66. Rh4 Bf2 67. Rg4 Kf6 68. Ke4 g5 69. Rg2 Bd4 70. b4 1-0

[Event "II CIUDAD DE ALICANTE"]
[Site "Alicante (SPAIN)"]
[Date "2010.01.02"]
[Round "6.3"]
[White "Granero Roca, Antonio"]
[Black "Varga, Mariano"]
[Result "1-0"]
[WhiteElo "2450"]
[BlackElo "2214"]
[PlyCount "51"]
[EventDate "2009.12.27"]

1. d4 d5 2. c4 e6 3. Nf3 Nf6 4. g3 c5 5. cxd5 Nxd5 6. Bg2 Nc6 7. O-O c4 8. b3
cxb3 9. Qxb3 Be7 10. Nc3 O-O 11. Bf4 Qb6 12. Nxd5 exd5 13. Qxd5 Qa6 14. Qb3
Qxe2 15. Rfe1 Qa6 16. d5 Na5 17. Qc2 Bb4 18. Rec1 Ba3 19. Rd1 Bd7 20. Ng5 g6
21. Qc3 Be7 22. d6 Bd8 23. Ne4 f6 24. Nc5 Rc8 25. Qd4 Bb6 26. Qd5+ 1-0

[Event "II CIUDAD DE ALICANTE"]
[Site "Alicante (SPAIN)"]
[Date "2010.01.02"]
[Round "6.4"]
[White "Neagos, Raul-Alexandru"]
[Black "Campos Gambuti, Luis Maria"]
[Result "1/2-1/2"]
[WhiteElo "2095"]
[BlackElo "2438"]
[PlyCount "44"]
[EventDate "2009.12.27"]

1. Nf3 b5 2. e4 Bb7 3. Bxb5 Bxe4 4. O-O Nf6 5. d4 e6 6. c4 Be7 7. Nc3 Bb7 8. a3
O-O 9. Re1 d6 10. Ba4 a5 11. Rb1 Ba6 12. Bb5 Bb7 13. Ba4 c5 14. d5 e5 15. b4
axb4 16. axb4 cxb4 17. Rxb4 Bc8 18. Be3 Bg4 19. Qb3 Bh5 20. Rb7 Nbd7 21. Bc6
Ra6 22. Bb5 Ra5 {Irreproducible, tablas en 61, blancas quedaron con dama,
alfil y peon contra dama caballo y peon.} 1/2-1/2

[Event "II CIUDAD DE ALICANTE"]
[Site "Alicante (SPAIN)"]
[Date "2010.01.02"]
[Round "6.5"]
[White "Scharrer, Patrick"]
[Black "Aledo Lopez, Angel"]
[Result "0-1"]
[WhiteElo "2300"]
[BlackElo "1988"]
[PlyCount "92"]
[EventDate "2009.12.27"]

1. e4 d5 2. exd5 Nf6 3. Nf3 Bg4 4. Bb5+ Nbd7 5. h3 Bh5 6. c4 a6 7. Ba4 b5 8.
cxb5 Nxd5 9. d4 e6 10. bxa6 Rxa6 11. Bb5 Bxf3 12. Qxf3 Rb6 13. Bc4 Nb4 14. Na3
Nc6 15. Nc2 Nxd4 16. Nxd4 Ne5 17. Qe2 Qxd4 18. Be3 Qxc4 19. Qxc4 Nxc4 20. Bxb6
Nxb6 21. Ke2 Bd6 22. a4 Kd7 23. a5 Nd5 24. Rhd1 Ra8 25. Ra4 c5 26. Kd3 Kc6 27.
Rda1 Kb5 28. a6 Nb4+ 29. Ke4 Rxa6 30. Rxa6 Nxa6 31. g4 c4 32. Kd4 Bc5+ 33. Kc3
e5 34. f3 Bd4+ 35. Kc2 Nb4+ 36. Kb1 Nd3 37. Ra8 Nxb2 38. Rf8 c3 39. Rxf7 Kc4
40. Kc2 Nd3 41. Rc7+ Bc5 42. h4 Ne1+ 43. Kd1 c2+ 44. Kd2 Kd5 45. h5 Bb4+ 46.
Ke3 Ba3 0-1

[Event "II CIUDAD DE ALICANTE"]
[Site "Alicante (SPAIN)"]
[Date "2010.01.02"]
[Round "6.9"]
[White "Sanchez Saez, Francisco"]
[Black "Marquez Ortiz De Zarate, Albert"]
[Result "0-1"]
[WhiteElo "2193"]
[BlackElo "2008"]
[PlyCount "60"]
[EventDate "2009.12.27"]

1. e4 c5 2. Nf3 e6 3. d4 cxd4 4. Nxd4 a6 5. Bd3 Bc5 6. Nb3 Ba7 7. Nc3 Nc6 8.
Qe2 d6 9. Be3 b5 10. O-O-O Nge7 11. Bxa7 Rxa7 12. Qg4 O-O 13. f4 Rd7 14. e5
dxe5 15. fxe5 Qc7 16. Ne4 Ng6 17. Ng5 Ncxe5 18. Qh5 Nxd3+ 19. Rxd3 Qf4+ 20. Kb1
Qh4 21. Qxh4 Nxh4 22. Rh3 Nxg2 23. Nxh7 Rfd8 24. c3 Nf4 25. Rh4 Ng6 26. Rh3
Rd1+ 27. Rxd1 Rxd1+ 28. Kc2 Rg1 29. Rh5 e5 30. Nc5 Bg4 0-1

[Event "II CIUDAD DE ALICANTE"]
[Site "Alicante (SPAIN)"]
[Date "2010.01.02"]
[Round "6.10"]
[White "Bendayan Claros, Aaron"]
[Black "Laurentiu, Burlacu"]
[Result "1-0"]
[WhiteElo "2176"]
[BlackElo "1968"]
[PlyCount "23"]
[EventDate "2009.12.27"]

1. d4 Nf6 2. c4 e6 3. Nc3 Bb4 4. Bg5 c5 5. d5 d6 6. e3 e5 7. Bd3 Bg4 8. Bxf6
Bxc3+ 9. bxc3 Qa5 10. Qxg4 Qxc3+ 11. Ke2 Qb2+ 12. Kf3 1-0

[Event "II CIUDAD DE ALICANTE"]
[Site "Alicante (SPAIN)"]
[Date "2010.01.02"]
[Round "6.11"]
[White "Vieito Soria, Luis Maria"]
[Black "Del Valle Domenech, Rafael"]
[Result "1/2-1/2"]
[WhiteElo "1908"]
[BlackElo "2129"]
[PlyCount "27"]
[EventDate "2009.12.27"]

1. e4 Nf6 2. e5 Nd5 3. d4 d6 4. c4 Nb6 5. exd6 cxd6 6. d5 N8d7 7. Nf3 g6 8. Be3
Bg7 9. Bd4 Nf6 10. Nc3 O-O 11. Be2 Bg4 12. b3 e5 13. Be3 Ne8 14. Rc1 1/2-1/2

[Event "II CIUDAD DE ALICANTE"]
[Site "Alicante (SPAIN)"]
[Date "2010.01.02"]
[Round "6.12"]
[White "Serrano Marhuenda, Salvador"]
[Black "Moreno Simo, Javier"]
[Result "1/2-1/2"]
[WhiteElo "2085"]
[BlackElo "1982"]
[PlyCount "40"]
[EventDate "2009.12.27"]

1. e4 e5 2. Nf3 Nc6 3. Bb5 f5 4. d3 fxe4 5. dxe4 Nf6 6. O-O Bc5 7. Nc3 d6 8.
Bg5 O-O 9. Nd5 Kh8 10. c3 Ne7 11. Nxf6 gxf6 12. Bh6 Rg8 13. Bc4 Rg6 14. Qd2 Ng8
15. Be3 Bxe3 16. fxe3 Qf8 17. Kh1 Qh6 18. Rf2 Bd7 19. b4 Bc6 20. Qd3 Bd7
1/2-1/2

[Event "II CIUDAD DE ALICANTE"]
[Site "Alicante (SPAIN)"]
[Date "2010.01.03"]
[Round "7.1"]
[White "Granero Roca, Antonio"]
[Black "Cano Sanchez, Josue"]
[Result "1/2-1/2"]
[WhiteElo "2450"]
[BlackElo "2314"]
[PlyCount "52"]
[EventDate "2009.12.27"]

1. d4 d5 2. c4 c6 3. Nf3 Nf6 4. Qc2 dxc4 5. Qxc4 Bf5 6. Nc3 e6 7. e3 h6 8. Be2
Nbd7 9. O-O Bd6 10. Nd2 e5 11. Qb3 exd4 12. exd4 Qc7 13. g3 Nb6 14. Nc4 Be6 15.
Nxd6+ Qxd6 16. Qc2 O-O 17. Bf4 Qd7 18. Rfe1 Bf5 19. Qb3 Nfd5 20. Bd2 Rfe8 21.
Bf1 Nf6 22. Qb4 Rad8 23. Rxe8+ Rxe8 24. Qc5 Ne4 25. Nxe4 Bxe4 26. a4 Qg4
1/2-1/2

[Event "II CIUDAD DE ALICANTE"]
[Site "Alicante (SPAIN)"]
[Date "2010.01.03"]
[Round "7.2"]
[White "Aledo Lopez, Angel"]
[Black "Del Valle Cirera, Adria"]
[Result "0-1"]
[WhiteElo "1988"]
[BlackElo "2236"]
[PlyCount "107"]
[EventDate "2009.12.27"]

1. e4 c5 2. c3 d5 3. exd5 Qxd5 4. d4 cxd4 5. cxd4 Nc6 6. Nf3 e5 7. Nc3 Bb4 8.
Bd2 Bxc3 9. Bxc3 e4 10. Ne5 Nxe5 11. dxe5 Be6 12. Qxd5 Bxd5 13. Bb5+ Ke7 14.
Rd1 Rd8 15. O-O Nh6 16. a3 Ke6 17. h3 Nf5 18. Rfe1 Nh4 19. Be2 h5 20. Kh2 Ng6
21. f3 exf3 22. Bxf3 Bxf3 23. gxf3 Kf5 24. e6 f6 25. Rxd8 Rxd8 26. e7 Re8 27.
Bb4 Ne5 28. Rd1 Nc6 29. Bc5 b6 30. Rd5+ Kg6 31. Rd6 Ne5 32. Bb4 Nxf3+ 33. Kg3
Ne5 34. Rd1 Nc6 35. Rd7 Kf7 36. Bc3 Rxe7 37. Rd6 Re6 38. Rd7+ Kg6 39. Kf4 a6
40. h4 Ne5 41. Rb7 Nd3+ 42. Kf3 Nc5 43. Ra7 Rd6 44. Bb4 Rd3+ 45. Ke2 Rb3 46.
Bc3 Na4 47. Bd4 Nxb2 48. Rxa6 Nc4 49. a4 Kf5 50. Ra7 Ke4 51. Bf2 Rb2+ 52. Kf1
Kf3 53. Be1 Rb1 54. Re7 0-1

[Event "II CIUDAD DE ALICANTE"]
[Site "Alicante (SPAIN)"]
[Date "2010.01.03"]
[Round "7.4"]
[White "Jordan Martinez, Miguel"]
[Black "Neagos, Raul-Alexandru"]
[Result "1-0"]
[WhiteElo "2077"]
[BlackElo "2095"]
[PlyCount "79"]
[EventDate "2009.12.27"]

1. e4 e5 2. Nf3 Nc6 3. Bc4 Bc5 4. c3 Nf6 5. d4 exd4 6. O-O Nxe4 7. cxd4 d5 8.
dxc5 dxc4 9. Qe2 Qd3 10. Re1 Qxe2 11. Rxe2 f5 12. Nc3 O-O 13. Nxe4 fxe4 14.
Rxe4 c3 15. bxc3 Bf5 16. Re1 Rad8 17. Be3 Rd3 18. Rac1 Be6 19. Nd4 Bxa2 20.
Nxc6 bxc6 21. Ra1 Bd5 22. Bd4 Rf4 23. h3 Re4 24. Rxe4 Bxe4 25. Rxa7 Kf7 26.
Rxc7+ Ke6 27. Rxg7 Kd5 28. Kh2 Rd1 29. Re7 Bc2 30. g4 Rf1 31. Kg2 Rb1 32. Re5+
Kc4 33. h4 Rb7 34. Kg3 Bd1 35. Re1 Bc2 36. f4 h5 37. gxh5 Rh7 38. Kg4 Rf7 39.
h6 Bf5+ 40. Kg5 1-0

[Event "II CIUDAD DE ALICANTE"]
[Site "Alicante (SPAIN)"]
[Date "2010.01.03"]
[Round "7.5"]
[White "Suba, Mihai"]
[Black "Marquez Ortiz De Zarate, Albert"]
[Result "1-0"]
[WhiteElo "2471"]
[BlackElo "2008"]
[PlyCount "57"]
[EventDate "2009.12.27"]

1. Nf3 Nf6 2. c4 g6 3. Nc3 Bg7 4. e4 d6 5. d4 O-O 6. Be2 e5 7. O-O Na6 8. Re1
c6 9. Bf1 Bg4 10. d5 c5 11. h3 Bd7 12. a3 Nc7 13. b4 b6 14. Rb1 h6 15. Nh2 Nh5
16. Ng4 Nf4 17. bxc5 bxc5 18. Kh2 g5 19. g3 Ng6 20. Ne3 Ne7 21. Bd3 f5 22. exf5
Nxf5 23. Nxf5 Bxf5 24. Bxf5 Rxf5 25. Ne4 Rb8 26. Be3 Ne8 27. Qg4 Rf7 28. Qe6
Kf8 29. Nxd6 1-0

[Event "II CIUDAD DE ALICANTE"]
[Site "Alicante (SPAIN)"]
[Date "2010.01.03"]
[Round "7.6"]
[White "Lanza, Luciano"]
[Black "Scharrer, Patrick"]
[Result "1/2-1/2"]
[WhiteElo "2178"]
[BlackElo "2300"]
[PlyCount "121"]
[EventDate "2009.12.27"]

1. e4 g6 2. d4 Bg7 3. Nc3 d6 4. Be3 a6 5. Qd2 Nd7 6. Nf3 b5 7. Bd3 Bb7 8. a3
Rc8 9. O-O c5 10. dxc5 Nxc5 11. Rfe1 Nf6 12. Bh6 O-O 13. Bxg7 Kxg7 14. b4 Ne6
15. a4 d5 16. e5 Ne4 17. Nxe4 dxe4 18. Bxe4 Bxe4 19. Qxd8 Rfxd8 20. Rxe4 Rxc2
21. axb5 axb5 22. g3 Rb2 23. h4 Rd3 24. Kg2 Rc3 25. Ng5 Nxg5 26. hxg5 Rcc2 27.
Ra5 Rxf2+ 28. Kh3 Rf5 29. Rxb5 Rxg5 30. Re3 Rh5+ 31. Kg4 Rf5 32. Kh3 h5 33. g4
hxg4+ 34. Kxg4 Rg2+ 35. Rg3 Re2 36. Rb3 Re4+ 37. Kg3 Rg5+ 38. Kf2 Rh4 39. Rf3
Re4 40. Re3 Rc4 41. Rb7 Rf4+ 42. Ke2 Rg2+ 43. Kd3 Rb2 44. Re4 Rb3+ 45. Kd4
Rxe4+ 46. Kxe4 f5+ 47. exf6+ Kxf6 48. Rb8 g5 49. b5 Rb4+ 50. Kf3 Rb3+ 51. Ke4
Rb1 52. b6 Rb4+ 53. Kf3 Ke5 54. b7 g4+ 55. Kg3 Ke4 56. Kxg4 e5 57. Kg3 Rb6 58.
Kg2 Rb2+ 59. Kg3 Rb6 60. Kf2 Rb2+ 61. Kg3 1/2-1/2

[Event "II CIUDAD DE ALICANTE"]
[Site "Alicante (SPAIN)"]
[Date "2010.01.03"]
[Round "7.7"]
[White "Lacrosse, Marc"]
[Black "Vicente Torrecillas, Fco Javier"]
[Result "0-1"]
[WhiteElo "2228"]
[BlackElo "2084"]
[PlyCount "88"]
[EventDate "2009.12.27"]

1. d4 d6 2. c4 e5 3. Nf3 exd4 4. Nxd4 Nf6 5. Nc3 Be7 6. e4 O-O 7. Be2 Re8 8.
O-O Bd7 9. Be3 a6 10. f3 Nc6 11. Qd2 Nxd4 12. Bxd4 Bc6 13. Rad1 Nd7 14. Nd5
Bxd5 15. cxd5 Nf6 16. Rc1 b6 17. Rc3 Nd7 18. Rfc1 Ra7 19. Be3 Bf6 20. R3c2 Nc5
21. b4 Nd7 22. Bc4 Qb8 23. Kf1 Rc8 24. Qe2 Qb7 25. Bb3 a5 26. Qb5 Nf8 27. Qc6
axb4 28. Bxb6 Qa6+ 29. Rc4 Rb7 30. Bxc7 Qa7 31. Qxd6 Qe3 32. Qf4 Qd3+ 33. Kg1
Bd4+ 34. Rxd4 Qxd4+ 35. Kf1 Qd3+ 36. Kf2 Ng6 37. Qg5 h6 38. Qg4 Qd2+ 39. Kg3
Rbxc7 40. Qxc8+ Rxc8 41. Rxc8+ Kh7 42. Rc2 Qe1+ 43. Rf2 h5 44. h4 Qh1 0-1